Mannerism and anti-mannerism in italian painting

Đã lưu trong:
Chi tiết về thư mục
Tác giả chính: Friedlaender, Walter (Tác giả)
Định dạng: Sách
Ngôn ngữ:Tiếng Anh
Được phát hành: Nueva York Schocken Books 1965
Những chủ đề:
Các nhãn: Thêm thẻ
Không có thẻ, Là người đầu tiên thẻ bản ghi này!

MARC

LEADER 00000nam a2200000 a 4500
001 UCZ4397
003 CL-VaPUC
008 951109e19650000US |||||||||||||||||eng|d
082 0 4 |a 759.5  |b FRI  |2 21 
100 0 |a Friedlaender, Walter  |e author  |9 348427 
245 1 0 |a Mannerism and anti-mannerism in italian painting 
300 |a 89 p 
942 |c BK 
945 |d 19951109 00:00:00  |a rleighto 
260 |a Nueva York  |b Schocken Books  |c 1965 
650 0 |a Arte italiano   |y Siglo 16   |9 348428 
650 0 |a Estilos artísticos  |9 340996 
650 0 |a Obras de arte  |9 337253 
651 0 |a Italia  |9 254949 
583 |a last modification  |c 20160817 04:15:50  |k Rodrigo Vera 
999 |c 240792  |d 240790 
952 |0 0  |1 0  |4 0  |6 759_500000000000000_FRI_1965  |7 0  |8 A  |9 252823  |a BIBART  |b BIBART  |d 2019-11-18  |i 3142906  |l 5  |o 759.5 FRI 1965  |p 3142906  |r 2025-03-13  |s 2021-07-29  |w 2019-11-18  |y BK  |k ART